1858 1556 1596 1001 1155 1858 1750 1174 1780 1249 1535 1835 1975 1056 1931 1245 1251 1818 1591 1943 1523 1537 1704 1126 1939 1273 1795 1965 1674 1642 1911 1393 1689 1007 1028 1026 1751 1824 1274 1938 1326 1687 1318 1891 1673 1597 1420 1745 1199 1388 1703 1780 1978 1908 1554 1465 1055 1001 1803 1366 1425 1059 1953 1954 1557 1380 1757 1713 1763 1987 1465 1197 1603 1894 1090 1882 1222 1360 1745 1326 1656 1561 1866 1146 1895 1945 1584 1880 1340 1592 1033 1947 1415 1431 1621 1461 1464 1690 1295 BCNSPRNW ULIB Ver.6.0+V

เปลี่ยนเป็นภาษาไทย

Change to English
 แสดงรายละเอียดบรรณานุกรม
  กลับหน้าหลัก

Brief Record : Get Marc (ISO 2709) : E-mail record : QR code < ปิดหน้าต่าง
LEADER : 00000nam 2200000uu 4500
001    13399114976
003     ULIB
008    120626s2536||||th 000 0 tha d
020    ^a9740809375
060  0 ^aWM18^bส42จ 2536
100 0  ^aสุชา จันทน์เอม
245 10 ^aจิตวิทยาพัฒนาการ /^cสุชา จันทน์เอม
250    ^aพิมพ์ครั้งที่ 3
260    ^aกรุงเทพฯ :^bไทยวัฒนาพานิช,^c2536
300    ^a206 หน้า
500    ^aSend to Single Search
650  4 ^aจิตวิทยาพัฒนาการ
650  4 ^aพัฒนาการ
945    ^p115^l0^i3014
999 ^a ใช้งานได้ทุกระบบ
รายการนี้ยังไม่มีแท็ก
คุณยังไม่ได้ล็อกอิน คุณสามารถมีกิจกรรมร่วมกับเว็บไซต์ได้ แต่ต้องล็อกอินก่อน ::
  ล็อกอิน

รายการสื่อสารสนเทศ

ลำดับที่ ประเภท เลขเรียก/บาร์โค้ด สถานที่ สถานะ
- ไม่พบข้อมูล -

รายการใกล้เคียง
    หัวเรื่อง [จิตวิทยาพัฒนาการ]
    หัวเรื่อง [พัฒนาการ]

BibComment


ยังไม่เคยถูกคอมเมนท์

คอมเมนท์ทรัพยากรรายการนี้
  คอมเมนท์: จิตวิทยาพัฒนาการ..


 Copyright 2026. Bcnsprnw @Library